[Event "UK Challenge Terafinal U18"]
[Site "Blenheim"]
[Date "2021.10.10"]
[Round "10"]
[White "Dicen, Imogen"]
[Black "Moreby, James"]
[Result "0-1"]
[WhiteElo "1561"]
[BlackElo "2039"]
[PlyCount "120"]
[EventDate "2021.10.09"]
[EventType "tourn (rapid)"]
[EventRounds "11"]
[EventCountry "ENG"]
[SourceTitle "EXT 2023"]
[Source "ChessBase"]
[SourceDate "2022.10.05"]
[SourceVersion "1"]
[SourceVersionDate "2022.10.05"]
[SourceQuality "1"]

1. e4 e6 2. d4 d5 3. Nc3 Nf6 4. e5 Nfd7 5. f4 c5 6. Nf3 Nc6 7. Be3 a6 8. Bd3 b5 9. dxc5 Bxc5 10. Bxc5 Nxc5 11. 0-0 Qb6 12. Kh1 b4 13. Ne2 a5 14. Ng5 h6 15. Nxf7 Kxf7 16. f5 Nxe5 17. fxe6+ Kg8 18. e7 Be6 19. Nf4 Bf7 20. Nxd5 Bxd5 21. Bh7+ Kxh7 22. Qxd5 Ng6 23. Rae1 Rae8 24. Rf7 Rhg8 25. Qf5 Qd6 26. h4 Qg3 27. Re2 Qxh4+ 28. Kg1 Qd4+ 29. Kh2 Nd7 30. Re6 Nde5 31. Rxg6 Nxg6 32. Qe6 Rxe7 33. Rxe7 Qh4+ 34. Kg1 Qxe7 35. Qxe7 Nxe7 36. g3 Rd8 37. Kf2 Rd2+ 38. Ke3 Rxc2 39. Kd3 Rxb2 40. Kc4 Rxa2 41. Kb3 Ra3+ 42. Kb2 Rxg3 43. Ka1 Rc3 44. Kb2 g5 45. Kb1 h5 46. Kb2 g4 47. Kb1 h4 48. Kb2 g3 49. Kb1 h3 50. Kb2 g2 51. Kb1 h2 52. Kb2 a4 53. Kb1 Kg6 54. Kb2 Kf5 55. Kb1 Ke4 56. Kb2 Kd5 57. Kb1 Kc6 58. Ka2 Kd6 59. Kb1 Ke6 60. Kb2 Kf6 0-1

[Event "UK Challenge Terafinal U18"]
[Site "Blenheim"]
[Date "2021.10.09"]
[Round "3"]
[White "Badacsonyi, Frankie"]
[Black "Dicen, Imogen"]
[Result "1-0"]
[WhiteElo "1522"]
[BlackElo "1561"]
[PlyCount "119"]
[EventDate "2021.10.09"]
[EventType "tourn (rapid)"]
[EventRounds "11"]
[EventCountry "ENG"]
[SourceTitle "EXT 2023"]
[Source "ChessBase"]
[SourceDate "2022.10.05"]
[SourceVersion "1"]
[SourceVersionDate "2022.10.05"]
[SourceQuality "1"]

1. d4 e6 2. Nc3 f5 3. e4 fxe4 4. Nxe4 Nf6 5. Bg5 Be7 6. Bxf6 Bxf6 7. Nf3 b6 8. c3 Bb7 9. Bd3 Nc6 10. Qc2 g6 11. h4 Qe7 12. h5 gxh5 13. 0-0-0 0-0-0 14. Rxh5 Bg7 15. Qe2 Kb8 16. Kb1 Rde8 17. Ng3 Bf6 18. Rdh1 e5 19. Rxh7 Rxh7 20. Rxh7 Qd8 21. d5 Ne7 22. c4 b5 23. Ne4 Bh8 24. b3 Nf5 25. g4 Nd4 26. Qe3 bxc4 27. Bxc4 d6 28. g5 Bc8 29. Nh4 Bf5 30. Nxf5 Nxf5 31. Qc3 Nd4 32. Ba6 Ka8 33. Qxc7 Qxc7 34. Rxc7 Rd8 35. Nxd6 Kb8 36. Rb7+ Ka8 37. Nf7 Rf8 38. g6 Nf5 39. Nxh8 Rxh8 40. Rf7 Nh6 41. Rh7 Rxh7 42. gxh7 Nf7 43. d6 Kb8 44. Kc2 Nh8 45. Kd3 Nf7 46. Ke4 Nxd6+ 47. Kxe5 Nf7+ 48. Kf6 Nh8 49. Kg7 Kc7 50. Kxh8 Kb6 51. Kg7 Kxa6 52. h8Q Kb6 53. Qh5 Kc6 54. Kf6 Kb6 55. Ke6 a6 56. Kd6 a5 57. Qc5+ Kb7 58. Qc7+ Ka6 59. Kc6 a4 60. Qb6# 1-0

[Event "UK Challenge Terafinal U18"]
[Site "Blenheim"]
[Date "2021.10.09"]
[Round "1"]
[White "Dicen, Imogen"]
[Black "Balaji, Aaravamudhan"]
[Result "0-1"]
[WhiteElo "1561"]
[BlackElo "1934"]
[PlyCount "158"]
[EventDate "2021.10.09"]
[EventType "tourn (rapid)"]
[EventRounds "11"]
[EventCountry "ENG"]
[SourceTitle "EXT 2023"]
[Source "ChessBase"]
[SourceDate "2022.10.05"]
[SourceVersion "1"]
[SourceVersionDate "2022.10.05"]
[SourceQuality "1"]

1. e4 e5 2. Nc3 Nc6 3. g3 Nf6 4. Bg2 Bc5 5. Na4 Be7 6. Ne2 0-0 7. 0-0 d6 8. h3 Bd7 9. Nac3 Nd4 10. Nxd4 exd4 11. Ne2 c5 12. d3 Ne8 13. Nf4 Nc7 14. c4 dxc3 15. bxc3 Bf6 16. d4 Nb5 17. Bb2 g6 18. a4 Nc7 19. Re1 Re8 20. c4 cxd4 21. Bxd4 Bc6 22. Qd2 Na6 23. Bxf6 Qxf6 24. Nd5 Bxd5 25. Qxd5 Nc5 26. Red1 Rad8 27. Ra3 Qe5 28. Qxe5 Rxe5 29. f4 Re7 30. e5 Red7 31. exd6 Rxd6 32. Bd5 Kf8 33. Re1 Re8 34. Kf2 Ra6 35. Rb1 Ra5 36. Rb5 b6 37. Rxa5 bxa5 38. Ra2 Rb8 39. Bc6 Rb6 40. Bd5 Rb4 41. Bc6 Rxc4 42. Bb5 Rb4 43. Kf3 Rb3+ 44. Kg4 Ne4 45. Re2 Nxg3 46. Re8+ Kg7 47. f5 Nxf5 48. Ra8 Rb4+ 49. Kf3 Nd4+ 50. Kg3 Nxb5 51. axb5 Rxb5 52. Rxa7 Rb3+ 53. Kg2 Rb2+ 54. Kg3 Ra2 55. h4 h6 56. Kf4 a4 57. Kg4 a3 58. Kg3 Ra1 59. Kg2 h5 60. Kh2 a2 61. Ra6 Kh6 62. Ra5 f6 63. Kg2 f5 64. Ra6 Kg7 65. Kh2 f4 66. Kg2 f3+ 67. Kf2 Rh1 68. Kxf3 a1Q 69. Rxa1 Rxa1 70. Kg3 Kf6 71. Kf4 Ra4+ 72. Kg3 Kf5 73. Kh3 Kf4 74. Kh2 Ra3 75. Kg2 Kg4 76. Kh2 Ra2+ 77. Kg1 Kf3 78. Kh1 Kg3 79. Kg1 Ra1# 0-1

[Event "EU-ch Online U16 Girls"]
[Site "Tornelo INT"]
[Date "2020.09.19"]
[Round "4"]
[White "Dicen, Imogen"]
[Black "Truskavetska, Solomia"]
[Result "1-0"]
[WhiteElo "1561"]
[BlackElo "1290"]
[PlyCount "78"]
[EventDate "2020.09.18"]
[EventType "swiss (rapid)"]
[EventRounds "9"]
[EventCountry "NET"]
[SourceTitle "EXT 2023"]
[Source "ChessBase"]
[SourceDate "2022.10.05"]
[SourceVersion "1"]
[SourceVersionDate "2022.10.05"]
[SourceQuality "1"]
[WhiteTeam "England"]
[BlackTeam "Sweden"]
[WhiteTeamCountry "ENG"]
[BlackTeamCountry "SWE"]

1. e4 c5 2. Nc3 d6 3. g3 Nf6 4. Bg2 Bg4 5. Nge2 Nc6 6. f3 Bd7 7. d3 g6 8. Be3 a6 9. a4 Bg7 10. 0-0 Qc7 11. d4 cxd4 12. Nxd4 Qb6 13. Nf5 Qxb2 14. Nxg7+ Kf8 15. Qd2 Nb4 16. Rab1 Qxc2 17. Rxb4 Qxd2 18. Bxd2 Kxg7 19. Rxb7 Rab8 20. Rfb1 Ra8 21. a5 Rhc8 22. Bf1 d5 23. e5 Bf5 24. exf6+ Kxf6 25. R1b2 e6 26. g4 d4 27. Na4 Bc2 28. Nb6 Rab8 29. Nxc8 Rxc8 30. Kf2 Rc6 31. f4 Rd6 32. Bg2 d3 33. Bc3+ e5 34. fxe5+ Kg5 35. exd6 Kxg4 36. Rxf7 d2 37. Bxd2 Bf5 38. Rb4+ Kh5 39. Bf3+ Bg4 1-0

[Event "ENG-ch rapid (Women)"]
[Site "London"]
[Date "2019.12.07"]
[Round "6"]
[White "Dicen, Elis Denele"]
[Black "Dicen, Imogen"]
[Result "0-1"]
[WhiteElo "1352"]
[BlackElo "1520"]
[PlyCount "126"]
[EventDate "2019.12.07"]
[EventType "swiss (rapid)"]
[EventRounds "7"]
[EventCountry "ENG"]
[SourceTitle "CBM 195 Extra"]
[Source "ChessBase"]
[SourceDate "2020.05.31"]
[SourceVersion "1"]
[SourceVersionDate "2020.05.31"]
[SourceQuality "1"]

1. e4 c5 2. Nf3 Nc6 3. d4 cxd4 4. Nxd4 d6 5. Nc3 Bd7 6. Be3 Nf6 7. Nxc6 bxc6 8. f3 g6 9. Bd3 Bg7 10. 0-0 0-0 11. Qd2 Re8 12. Kh1 Qc7 13. Bh6 Bh8 14. h3 Rad8 15. f4 e6 16. f5 Rb8 17. fxg6 hxg6 18. Qg5 Nh7 19. Qf4 Bc8 20. Rab1 e5 21. Qg3 Be6 22. b3 Bg7 23. Bxg7 Kxg7 24. Rf2 Qe7 25. Rbf1 Rbd8 26. Be2 Qg5 27. Bg4 Rd7 28. Qf3 Bxg4 29. hxg4 Qe7 30. Qg3 Ng5 31. Kg1 Qd8 32. Rf6 Nh7 33. R6f3 d5 34. exd5 cxd5 35. Na4 e4 36. R3f2 d4 37. Qf4 Qg5 38. Qxg5 Nxg5 39. Re2 Rd5 40. Rfe1 Red8 41. Nb2 f5 42. gxf5 gxf5 43. Nc4 Kg6 44. Rd2 f4 45. Rf1 f3 46. Rdd1 Kf5 47. gxf3 Nxf3+ 48. Kg2 Kf4 49. Nd2 Rg8+ 50. Kf2 e3+ 51. Ke2 Rg2+ 52. Kd3 exd2 53. c4 dxc3+ 54. Kxc3 Re2 55. Kc2 Ke3 56. b4 Re1 57. a3 Ke2 58. Rfxe1+ Nxe1+ 59. Kb1 Kxd1 60. Ka1 Rd8 61. a4 Kc2 62. Ka2 d1Q 63. Ka3 Qa1# 0-1

[Event "ENG-ch rapid (Women)"]
[Site "London"]
[Date "2019.12.07"]
[Round "1"]
[White "Dicen, Imogen"]
[Black "Karpe, Reya"]
[Result "1-0"]
[WhiteElo "1520"]
[BlackElo "1149"]
[PlyCount "77"]
[EventDate "2019.12.07"]
[EventType "swiss (rapid)"]
[EventRounds "7"]
[EventCountry "ENG"]
[SourceTitle "CBM 195 Extra"]
[Source "ChessBase"]
[SourceDate "2020.05.31"]
[SourceVersion "1"]
[SourceVersionDate "2020.05.31"]
[SourceQuality "1"]

1. d4 Nf6 2. c4 e6 3. Nc3 Bb4 4. Nf3 0-0 5. Qc2 d5 6. e3 Nbd7 7. cxd5 exd5 8. Be2 Bxc3+ 9. bxc3 b6 10. 0-0 Bb7 11. Bb2 Rc8 12. Rac1 c5 13. Ba3 Re8 14. Rfe1 h6 15. Qb1 Ba8 16. Qc2 Bb7 17. Bd3 Rc7 18. Qb2 Ba8 19. Bb5 Bb7 20. Qe2 Ba8 21. Nd2 Bb7 22. Nf3 Ba8 23. c4 Re6 24. dxc5 bxc5 25. cxd5 Bxd5 26. Red1 Nb6 27. Bxc5 Nbd7 28. Ba3 Rxc1 29. Rxc1 Nb6 30. Nd4 Re4 31. Bd3 Re8 32. f3 Bb7 33. Qf2 Nfd5 34. e4 Nf4 35. Bb5 Re5 36. Bf1 Qf6 37. Nf5 Kh7 38. Kh1 Ba8 39. Bb2 1-0

[Event "ENG-ch rapid (Women)"]
[Site "London"]
[Date "2019.12.07"]
[Round "4"]
[White "Pham, Clemence"]
[Black "Dicen, Imogen"]
[Result "0-1"]
[WhiteElo "1292"]
[BlackElo "1520"]
[PlyCount "138"]
[EventDate "2019.12.07"]
[EventType "swiss (rapid)"]
[EventRounds "7"]
[EventCountry "ENG"]
[SourceTitle "CBM 195 Extra"]
[Source "ChessBase"]
[SourceDate "2020.05.31"]
[SourceVersion "1"]
[SourceVersionDate "2020.05.31"]
[SourceQuality "1"]

1. e4 c5 2. Nc3 Nc6 3. f4 e6 4. Bc4 g6 5. Nf3 Bg7 6. 0-0 Nge7 7. d3 a6 8. a4 0-0 9. Qe1 d5 10. Bb3 b6 11. Qh4 f6 12. Bd2 Ra7 13. Ne2 Bd7 14. c3 Ra8 15. Qe1 Kh8 16. Ng3 Bc8 17. Qe2 Bd7 18. Qf2 Qc7 19. Ne2 Rae8 20. Qh4 Na5 21. Bc2 c4 22. Be3 cxd3 23. Bxd3 dxe4 24. Bxe4 Nc4 25. Bc1 Nf5 26. Bxf5 exf5 27. Ned4 Nd6 28. Qf2 Ne4 29. Qh4 Rf7 30. Be3 Bf8 31. Nd2 Bc5 32. Nxe4 Rxe4 33. Rfe1 Kg7 34. b4 Bd6 35. Bd2 Rfe7 36. Qg3 Kf7 37. Qh3 h5 38. Qg3 Rxe1+ 39. Rxe1 Rxe1+ 40. Bxe1 Bxf4 41. Qd3 a5 42. bxa5 bxa5 43. Qh3 Bxa4 44. Kf2 Be5 45. Bd2 Bd7 46. Nb3 a4 47. Nc1 a3 48. c4 a2 49. Nxa2 Qxc4 50. Nc1 Bd4+ 51. Ke1 Bb2 52. Qb3 Qxb3 53. Nxb3 Bc6 54. Kf2 Be5 55. Be3 Bd5 56. Nd2 g5 57. h3 f4 58. Bc5 Ke6 59. Nf3 Kf5 60. Nxe5 fxe5 61. Ba3 Bc4 62. Bc1 e4 63. Ke1 e3 64. Bb2 Ke4 65. Bc1 g4 66. hxg4 hxg4 67. Bb2 f3 68. gxf3+ gxf3 69. Bc1 f2+ 0-1

[Event "GBR-ch U14 106th"]
[Site "Torquay"]
[Date "2019.08.02"]
[Round "6"]
[White "Dicen, Imogen"]
[Black "Badacsonyi, Frankie"]
[Result "0-1"]
[WhiteElo "1533"]
[BlackElo "1690"]
[PlyCount "92"]
[EventDate "2019.07.28"]
[EventType "swiss"]
[EventRounds "7"]
[EventCountry "ENG"]
[SourceTitle "EXT 2020"]
[Source "ChessBase"]
[SourceDate "2019.10.17"]
[SourceVersion "1"]
[SourceVersionDate "2019.10.17"]
[SourceQuality "1"]

1. d4 Nf6 2. Bg5 e6 3. Nf3 h6 4. Bxf6 Qxf6 5. e4 d5 6. Nbd2 Qd8 7. Bd3 Be7 8. 0-0 Nd7 9. c4 c6 10. Rc1 dxe4 11. Nxe4 0-0 12. Re1 Nf6 13. Ne5 Nxe4 14. Bxe4 Bf6 15. f4 Bd7 16. Re3 Bxe5 17. fxe5 f5 18. exf6 Qxf6 19. Qd2 Be8 20. Bd3 Rd8 21. d5 exd5 22. Rf1 Qd6 23. Rxf8+ Qxf8 24. Rf3 Qd6 25. Qc3 Bh5 26. Rg3 d4 27. Qb3 Qe6 28. h3 b6 29. Qc2 Rf8 30. Bh7+ Kh8 31. Qd3 Qe1+ 32. Kh2 Rf1 33. Qxf1 Qxf1 34. Bd3 Be2 35. Be4 c5 36. a3 Qf4 37. Bc2 h5 38. h4 d3 39. Bxd3 Bxd3 40. Kh3 Bf5+ 41. Kh2 Qxh4+ 42. Kg1 Qxg3 43. Kf1 Bd3+ 44. Kg1 h4 45. b4 h3 46. bxc5 Qxg2# 0-1